Business law / (Record no. 39805)

MARC details
000 -LEADER
fixed length control field 00686nam a22001937a 4500
005 - DATE AND TIME OF LATEST TRANSACTION
control field 20100806143712.0
010 ## - LCCN (DPL NO)
LC control number ENG-98566
020 ## - INTERNATIONAL STANDARD BOOK NUMBER
International Standard Book Number 8189630059
Terms of availability 750.00
035 ## - SYSTEM CONTROL NUMBER
System control number EN-82099
037 ## - SOURCE OF ACQUISITION
Source of stock number/acquisition DBAD/PUB
082 ## - DEWEY DECIMAL CLASSIFICATION NUMBER
Classification number 346.7307
100 ## - MAIN ENTRY--PERSONAL NAME
Personal name Thirupathi,T
245 ## - TITLE STATEMENT
Title Business law /
Statement of responsibility, etc By T Thirupathi
260 ## - PUBLICATION, DISTRIBUTION, ETC. (IMPRINT)
Place of publication, distribution, etc New Delhi
Name of publisher, distributor, etc Global Research Publications
Date of publication, distribution, etc 2008
270 ## - ADDRESS
Address 4800/24, Ist Floor, Ansari Road Darya Ganj
City New Delhi
Postal code 110002
300 ## - PHYSICAL DESCRIPTION
Extent xiv,248p
Dimensions 21cm(Hb)
942 ## - ADDED ENTRY ELEMENTS (KOHA)
Source of classification or shelving scheme Dewey Decimal Classification
Item type English Books
Classification part 346.7307
Call number suffix THI
Holdings
Withdrawn status Lost status Not for loan Collection code Home library Current library Date acquired Source of acquisition Cost, normal purchase price Full call number Barcode Copy number Cost, replacement price Koha item type
    Not For Loan Non-fiction D.B.Act.Division D.B.Act.Division 06/08/2010 DBAD/PUB 750.00 346.7307 THI EN-82099 1 750.00 English Books

© Delhi Public Library
Hit Counter
free hit counter